Detalles MARC
| 000 -CABECERA |
| campo de control de longitud fija |
01010cam a2200241 a 4500 |
| 001 - NÚMERO DE CONTROL |
| campo de control |
000018736 |
| 005 - FECHA Y HORA DE LA ÚLTIMA TRANSACCIÓN |
| campo de control |
20200929165841.0 |
| 008 - DATOS DE LONGITUD FIJA--INFORMACIÓN GENERAL |
| campo de control de longitud fija |
780426s1978 ec 000 f spa d |
| 035 ## - NÚMERO DE CONTROL DEL SISTEMA |
| Número de control de sistema |
(DLC) 78345858 |
| 040 ## - FUENTE DE LA CATALOGACIÓN |
| Centro catalogador/agencia de origen |
DO-SdBNP |
| Centro/agencia transcriptor |
DLC |
| Centro/agencia modificador |
DLC |
| -- |
BNPHU |
| 082 ## - NÚMERO DE LA CLASIFICACIÓN DECIMAL DEWEY |
| Número de clasificación |
E862.4 |
| Número de documento/Ítem |
D445m |
| 049 ## - FONDOS LOCALES (OCLC) |
| Fondos de biblioteca |
BNGR |
| 100 1# - ENTRADA PRINCIPAL--NOMBRE DE PERSONA |
| Nombre de persona |
Descalzi, Ricardo, |
| Fechas asociadas al nombre |
1912- |
| 9 (RLIN) |
40434 |
| 245 14 - MENCIÓN DE TÍTULO |
| Título |
Los murmullos de Dios : |
| Resto del título |
relatos / |
| Mención de responsabilidad, etc. |
Ricardo Descalzi. |
| 260 ## - PUBLICACIÓN, DISTRIBUCIÓN, ETC. |
| Lugar de publicación, distribución, etc. |
Quito : |
| Nombre del editor, distribuidor, etc. |
Casa de la Cultura Ecuatoriana, |
| Fecha de publicación, distribución, etc. |
1978. |
| 300 ## - DESCRIPCIÓN FÍSICA |
| Extensión |
279 p. ; |
| Dimensiones |
15 cm. |
| 490 1# - MENCIÓN DE SERIE |
| Mención de serie |
Básica de escritores ecuatorianos |
| Designación de volumen o secuencia |
22 |
| 505 0# - NOTA DE CONTENIDO CON FORMATO |
| Nota de contenido con formato |
Carrión, B. Tratando de escuchar los murmullos de Dios -- Los temores informes -- Una gorra de letras rojas -- Las tres muñecas -- A la sombra de una verdad -- La vieja Abadía -- Un baile de mascaras -- La estrella fugaz -- Sor Ternura. |
| 650 #4 - PUNTO DE ACCESO ADICIONAL DE MATERIA--TÉRMINO DE MATERIA |
| Término de materia o nombre geográfico como elemento de entrada |
Teatro español |
| 9 (RLIN) |
3071 |
| 650 #4 - PUNTO DE ACCESO ADICIONAL DE MATERIA--TÉRMINO DE MATERIA |
| Término de materia o nombre geográfico como elemento de entrada |
Literatura española |
| Subdivisión cronológica |
SIGLO XX |
| 9 (RLIN) |
3326 |
| 830 #0 - PUNTO DE ACCESO ADICIONAL DE SERIE-TÍTULO UNIFORME |
| Título uniforme |
Básica de escritores ecuatorianos ; |
| Designación de volumen o secuencia |
22. |
| 9 (RLIN) |
23084 |
| 910 ## - DATOS DE OPCIÓN DEL USUARIO (OCLC) |
| Datos de opción del usuario |
Catalogación derivada / LC |